The new Oxford dictionary of English.

Wedi'i Gadw mewn:
Manylion Llyfryddiaeth
Fformat: Llyfr
Iaith:English
Cyhoeddwyd: Oxford : Clarendon Press, 1998.
Pynciau:
Tagiau: Ychwanegu Tag
Dim Tagiau, Byddwch y cyntaf i dagio'r cofnod hwn!
Thư viện lưu trữ: Mạng thư viện Đại học Đà Nẵng
LEADER 00829cam a2200325 i 4500
001 000045522
003 4706
005 20030228103618.0
008 010220|1998 vm 000 eng
020 |a 019861263X 
040 |a IRC  |c IRC  |d IRC 
041 0 |a eng 
082 1 4 |a 423  |b Ne-O 
245 0 4 |a The new Oxford dictionary of English. 
260 |a Oxford :  |b Clarendon Press,  |c 1998. 
300 |a xxi, 2152p. 
630 0 4 |a Oxford dictionary. 
630 0 4 |a English dictionaries. 
650 0 4 |a English language  |v Dictionaries. 
650 0 4 |a English language  |x Etymology  |v Dictionaries. 
OWN |a DUT 
999 |a From the UDN01 
TYP |a Monograph 
TYP |a Printed language 
980 |a Mạng thư viện Đại học Đà Nẵng